Storia mondiale con la lettera M - Statistics

Statistiche generali
  • Questo quiz è stato fatto 693 volte
  • Il punteggio medio è 16 su 20
Statistiche sulle risposte
DOMANDA RISPOSTA % Corretto
Artista che dipinse la volta della Cappella Sistina Michelangelo
98%
Dittatore italiano Mussolini
98%
Animale estinto simile all'odierno elefante Mammut
94%
Il più noto tra i presidenti sudafricani Mandela
93%
La regione tra due fiume dove abitarono Sumeri, Babilonesi, Assiri... Mesopotamia
93%
Colui che scrisse il manifesto del Partito Comunista Marx
88%
Noto musicista austriaco del Flauto Magico Mozart
87%
La civiltà precolombiana che costruì la piramide di Chichen Itza Maya
86%
Fu lui a guidare la prima circumnavigazione del globo Magellano
84%
Romanzo scritto da Melville che tratta di una balena che assalta una nave baleniera Moby Dick
83%
Autore del Principe Machiavelli
82%
Una delle 7 meraviglie del mondo costruita dalla civiltà Inca in Perù Machu Picchu
80%
La regina di Francia durante la Rivoluzione Francese Maria Antonietta
78%
L'impero più esteso nella storia dopo quello britannico Mongolo
78%
Messaggero degli dei per i Romani (per i greci era Hermes) Mercurio
73%
Documento fondamentale per i diritti dei cittadini inglesi redatto nel 1215 Magna Carta
70%
Città araba dove Maometto trovò rifugio nel 622 e dove compì la famosa egira Medina
63%
L'imperatore romano filosofo che governò dal 161 al 180, gli successe suo figlio Commodo Marco Aurelio
62%
Pittore fauvista che dipinse la Danza Matisse
43%
Imperatrice illuminata dell'Impero Austriaco Maria Teresa
38%
Nessun quiz corrispondente trovato
Distribuzione punteggi
Percentuale di utenti per punteggio
Percentile per numero di risposta
I tuoi punteggi nel tempo
Non hai fatto questo quiz